000 02060nam a22002537a 4500
003 Uzh_bibl
008 260427b |||||||| |||| 00| 0 ukr d
020 _c1.20
040 _aукр.
041 _2ukr
_aukr
080 _a821(477)
090 _a821(477)
_bН 50
100 _aНемирович, Іван
245 _aНа білому коні
_hТекст
260 _aКиїв
_bРадянський письменник
_c1979
300 _a287 с.
_fВ опр.
520 _aКнига Івана Немировича “На білому коні” об’єднує роман і повісті, у яких розкривається життя звичайних людей на тлі складних історичних обставин. Автор зосереджується на внутрішньому світі героїв, їхніх моральних пошуках, боротьбі між обов’язком і власними прагненнями. Через образи персонажів показано проблеми честі, гідності, відповідальності за свої вчинки. Твір підкреслює важливість людяності та духовної стійкості в умовах життєвих випробувань.
521 _aДля широкого кола читачів
546 _aукр.
650 _vЛітературно-художнє видання
_yХХ століття (здебільшого повоєнний період, із відгомоном воєнних і соціальних змін)
_zПодії розгортаються в Україні, переважно в сільській місцевості та невеликих містах
653 _aЛюдина
_aДоля
_aВибір
_aСело
_aЧесть
655 _aРоман, повісті (соціально-побутова проза з елементами психологізму)
_vРоман. Повісті
942 _2udc
_cBK
999 _c17520
_d17520